000 nam a22 7a 4500
999 _c7340
_d7340
008 170814b xxu||||| |||| 00| 0 eng d
020 _a9788177000528
100 _aArora Sumita
_93878
245 _aComputer science with PYTHON
_bComputer fundamentals programming methodology programming in python
260 _aNew delhi
_bDhanpat Rai & Co
_c2012